| 000 | 00637nam a2200229 i 4500 | ||
|---|---|---|---|
| 001 | 81674 | ||
| 003 | ES-MaACL | ||
| 005 | 20250812051527.0 | ||
| 007 | t| | ||
| 008 | 041105s1972 sp a |||| | spa d | ||
| 080 | _a7.036 | ||
| 100 | 1 |
_aHuyghe, René. _964866 |
|
| 245 | 1 | 3 |
_aEl arte y el mundo moderno. _n1 / _cRené Huyghe, Jean Rudel. |
| 250 | _a1ª ed. | ||
| 260 |
_aBarcelona : _bPlaneta, _c1972. |
||
| 300 |
_a1 v. (392 p.) : _bil. col. y n. ; _c30 cm. |
||
| 505 | 8 | _aContiene: I. 1880-1920 | |
| 650 | 7 |
_aArte- _yS.XX _2 _9141916 |
|
| 700 | 1 |
_aRudel, Jean. _9100487 |
|
| 852 | 4 |
_aES-MaACL _jP-1465 |
|
| 999 |
_c81674 _d81674 |
||